[Event "Hannover-ch U18"]
[Site "Bueckeburg"]
[Date "2007.11.03"]
[Round "5"]
[White "Daehn, Pascal"]
[Black "Kaase, Julian"]
[Result "0-1"]
[WhiteElo "1427"]
[BlackElo "1605"]
[PlyCount "58"]
[EventDate "2007.11.01"]
[EventType "swiss"]
[EventRounds "7"]
[EventCountry "GER"]
[SourceTitle "EXT 2021"]
[Source "ChessBase"]
[SourceDate "2020.10.23"]
[SourceVersion "1"]
[SourceVersionDate "2020.10.23"]
[SourceQuality "1"]

1. e4 c5 2. Bc4 e6 3. Nc3 Nf6 4. d3 d5 5. exd5 exd5 6. Bb5+ Bd7 7. Bf4 Bxb5 8. Nxb5 Qa5+ 9. Nc3 d4 10. Qe2+ Be7 11. Nf3 dxc3 12. 0-0 cxb2 13. Rab1 Qxa2 14. c4 Nc6 15. Rxb2 Qa6 16. Bd6 0-0 17. Bxe7 Rfe8 18. Ra2 Qb6 19. Bxc5 Rxe2 20. Bxb6 Rxa2 21. Be3 Ng4 22. Bf4 Rd8 23. h3 Nh6 24. Re1 Nb4 25. Re7 Nxd3 26. Bd6 Nf5 27. Bc7 Ra1+ 28. Kh2 Nxf2 29. Bxd8 Rh1# 0-1

[Event "Niedersachsen-chT U14"]
[Site "Verden"]
[Date "2006.05.28"]
[Round "7.1"]
[White "Langenfeld, Olaf"]
[Black "Daehn, Pascal"]
[Result "1-0"]
[WhiteElo "1862"]
[BlackElo "1335"]
[PlyCount "93"]
[EventDate "2006.05.25"]
[EventType "team-tourn"]
[EventRounds "7"]
[EventCountry "GER"]
[SourceTitle "EXT 2007"]
[Source "ChessBase"]
[SourceDate "2006.11.23"]
[SourceVersion "1"]
[SourceVersionDate "2006.11.23"]
[SourceQuality "1"]

1. e4 c5 2. Nf3 Nc6 3. d4 cxd4 4. Nxd4 e5 5. Nb5 a6 6. Nd6+ Bxd6 7. Qxd6 Nf6 8. Nc3 Qe7 9. Qd3 h6 10. Be3 0-0 11. 0-0-0 Rd8 12. Bb6 Re8 13. a3 Ng4 14. f3 Qg5+ 15. Kb1 Nf6 16. Na4 Re7 17. Be3 Qg6 18. Nb6 Rb8 19. Bc5 Re8 20. Bd6 Ra8 21. Nxa8 b5 22. Nc7 Rd8 23. Nd5 Bb7 24. Ne7+ Nxe7 25. Bxe7 Re8 26. Bxf6 Qxf6 27. Qxd7 Rd8 28. Qe8+ Kh7 29. Rd7 Rxd7 30. Qxd7 Qc6 31. Qxc6 Bxc6 32. Be2 f6 33. Rd1 Kg6 34. Rd6 Bb7 35. g3 h5 36. h4 Bc8 37. c4 bxc4 38. Bxc4 Kh6 39. Bf7 Bh3 40. Rxa6 Bf1 41. Ra8 Bd3+ 42. Kc1 g6 43. Rg8 Be2 44. Rxg6+ Kh7 45. Rxf6 Kg7 46. Rf5 Kh7 47. Bxh5 1-0

[Event "Niedersachsen-chT U14"]
[Site "Verden"]
[Date "2006.05.27"]
[Round "6.1"]
[White "Daehn, Pascal"]
[Black "Juenemann, Marcel"]
[Result "0-1"]
[WhiteElo "1335"]
[BlackElo "1710"]
[PlyCount "74"]
[EventDate "2006.05.25"]
[EventType "team-tourn"]
[EventRounds "7"]
[EventCountry "GER"]
[SourceTitle "EXT 2007"]
[Source "ChessBase"]
[SourceDate "2006.11.23"]
[SourceVersion "1"]
[SourceVersionDate "2006.11.23"]
[SourceQuality "1"]

1. e4 c5 2. d4 cxd4 3. Nf3 d6 4. Nxd4 Nf6 5. Nc3 a6 6. Bd3 e5 7. Nf3 Be6 8. Bg5 Be7 9. h3 Nbd7 10. 0-0 b5 11. a3 0-0 12. Qd2 Nc5 13. Rac1 Rb8 14. b4 Ncd7 15. Ne2 Rc8 16. Ng3 Bc4 17. Nf5 Nb6 18. Nh2 h6 19. Nxh6+ gxh6 20. Bxh6 Nh7 21. Qe2 Bg5 22. Qg4 Kh8 23. Bxg5 Qxg5 24. Rfd1 Bxd3 25. Qxg5 Nxg5 26. cxd3 Ne6 27. Nf3 Nf4 28. Kh2 Ne2 29. Ra1 Rc3 30. d4 Nc4 31. dxe5 dxe5 32. Rd5 Nf4 33. Rd7 Rg8 34. Nh4 Rc2 35. Rf1 Ne3 36. fxe3 Nxg2 37. Nxg2 Rgxg2+ 0-1